The leader of the future : New visions, strategies, and practices for the next era

Leading-Edge Thought From the World's Best Business Minds "A one-stop shopping guide that shows how leaders can be successful in the year 2000 and beyond." --American Society for Training and Development Discover what Stephen Covey, Ken Blanchard, Peter Senge, Rosabeth Moss Kanter, an...

תיאור מלא

שמור ב:
מידע ביבליוגרפי
פורמט: ספר
שפה:Undetermined
יצא לאור: San Francisco Jossey-Bass 1996
נושאים:
תגים: הוספת תג
אין תגיות, היה/י הראשונ/ה לתייג את הרשומה!
Thư viện lưu trữ: Trung tâm Học liệu Trường Đại học Cần Thơ
LEADER 01283nam a2200205Ia 4500
001 CTU_164396
008 210402s9999 xx 000 0 und d
020 |c 13.49 
082 |a 658.4092 
082 |b L433 
245 4 |a The leader of the future : 
245 0 |b New visions, strategies, and practices for the next era 
245 0 |c Frances Hesselbein, Marshall Goldsmith, Richard Beckhard, editors ; foreword by Peter F. Drucker 
260 |a San Francisco 
260 |b Jossey-Bass 
260 |c 1996 
520 |a Leading-Edge Thought From the World's Best Business Minds "A one-stop shopping guide that shows how leaders can be successful in the year 2000 and beyond." --American Society for Training and Development Discover what Stephen Covey, Ken Blanchard, Peter Senge, Rosabeth Moss Kanter, and other business-world luminaries have to say about the direction of leadership for the future. The Drucker Foundation brings together the best business minds in more than 30 never-before-published essays, each one offering a special perspective on leadership and a unique glimpse into the future. 
650 |a Leadership,Strategic planning,Lãnh đạo,Kế hoạch chiến lược 
904 |i Thoa, Hải 
980 |a Trung tâm Học liệu Trường Đại học Cần Thơ